Viacao ilimitada: onibus das cidades brasileiras /
En el texto se aborda el tema del transporte público, y en este caso el autobús en Sao Paulo, uno de los pueblos con más autobuses en Latinoamérica, se refieren a lo que significa el crecimiento desmesurado tanto de la población como del uso de este medio, la participación pública y privada en este...
Đã lưu trong:
| Tác giả chính: | |
|---|---|
| Tác giả khác: | , |
| Định dạng: | Không biết |
| Được phát hành: |
Sao Paulo:
Cultura Editores Associados
|
| Những chủ đề: | |
| Các nhãn: |
Thêm thẻ
Không có thẻ, Là người đầu tiên thẻ bản ghi này!
|
MARC
| LEADER | 00000 a2200000 04500 | ||
|---|---|---|---|
| 001 | 39024 | ||
| 003 | |||
| 008 | 991231s d | ||
| 040 | |||
| 020 | |a 85-293-0043-2 | ||
| 090 | |a 0107 V456v | ||
| 100 | |a Brasileiro, Anísio | ||
| 245 | |a Viacao ilimitada: onibus das cidades brasileiras / |c Anísio Brasileiro | ||
| 260 | |a Sao Paulo: |b Cultura Editores Associados | ||
| 300 | |a 636 p. | ||
| 520 | |a En el texto se aborda el tema del transporte público, y en este caso el autobús en Sao Paulo, uno de los pueblos con más autobuses en Latinoamérica, se refieren a lo que significa el crecimiento desmesurado tanto de la población como del uso de este medio, la participación pública y privada en este fenómeno, sus deficiencias y retos, así como las consecuencias negativas que se generan en torno a la organización social, urbanismo y la contaminación de esta ciudad en torno a este transporte publico | ||
| 650 | |a TRANSPORTE PUBLICO | ||
| 650 | |a URBANISMO | ||
| 650 | |a ASPECTOS ECONOMICOS | ||
| 650 | |a GRUPOS DE INTERESES | ||
| 650 | |a SECTOR PUBLICO | ||
| 650 | |a SECTOR PRIVADO | ||
| 650 | |a PROBLEMAS SOCIALES | ||
| 650 | |a BRASIL | ||
| 700 | |a coord. | ||
| 700 | |a Henry, Etienne | ||
| 700 | |a coord. | ||
| 999 | |c 14618 |d 14618 | ||



